| 000 | 00947nam a2200253 a 4500 | ||
|---|---|---|---|
| 001 | 000007565 | ||
| 003 | DO-SdBNP | ||
| 005 | 20250626133310.0 | ||
| 008 | 090909s2005 dr ad r 000 0 spa d | ||
| 040 |
_aDO-SdBNP _bspa _cBNPHU |
||
| 082 |
_a519.53 _bP438e |
||
| 100 | 1 |
_aPérez P. , Victor F. _920996 |
|
| 245 | 1 | 0 |
_aEstadística descriptiva / _cVictor F. Pérez P. |
| 260 |
_aSanto Domingo : _bSoto Castillo, _c2005. |
||
| 300 |
_a113 p. : _bil., gráfcs. ; _c23 cm. |
||
| 504 | _aBibliografía : p. 135 | ||
| 505 | 0 |
_aConceptos -- _tRecolección de datos -- _tOrganización de datos -- _tAnálisis de datos -- _tInterpretación de resultados -- |
|
| 590 | _aInventariado, 2020/BT | ||
| 650 | 0 |
_aEstadística matemática _xProblemas, ejercicios,etc. _920984 |
|
| 650 | 4 |
_aVariables (estadística) _919736 |
|
| 650 | 0 |
_aEstadística matemática _xEstudio y enseñanza _920984 |
|
| 910 | _aValidado. Control de calidad. EMS | ||
| 942 |
_2ddc _cLBS1 |
||
| 999 |
_c7346 _d7346 |
||